[Event "WchT Seniors 65"]
[Site "Krakow"]
[Date "2024.07.09"]
[Round "7.2"]
[White "Miltner, Arndt"]
[Black "Smith, Andrew Philip"]
[Result "1-0"]
[WhiteElo "2259"]
[BlackElo "2037"]
[PlyCount "83"]
[EventDate "2024.07.02"]
[EventType "team-swiss"]
[EventRounds "9"]
[EventCountry "POL"]
[SourceTitle "CBM 221 Extra"]
[Source "ChessBase"]
[SourceDate "2024.09.30"]
[SourceVersion "1"]
[SourceVersionDate "2024.09.30"]
[SourceQuality "1"]
[WhiteTeam "Germany Eppingen 65"]
[BlackTeam "Ireland 65"]
[WhiteTeamCountry "GER"]
[BlackTeamCountry "IRL"]

1. e4 e5 2. Nf3 d6 3. c3 Nf6 4. d3 g6 5. g3 Bg7 6. Bg2 0-0 7. 0-0 Re8 8. Nbd2 d5 9. exd5 Nxd5 10. Nc4 Nc6 11. Re1 Nb6 12. Nxb6 axb6 13. Bg5 f6 14. Be3 Be6 15. a3 Qd7 16. d4 e4 17. Nd2 f5 18. f3 exf3 19. Qxf3 Rab8 20. Bf4 Ne7 21. Qf2 Bd5 22. Nf3 Nc6 23. Rad1 Bb3 24. Rc1 h6 25. h4 Kh7 26. Kh1 Bd5 27. Nd2 Bxg2+ 28. Qxg2 Re7 29. Rxe7 Qxe7 30. Nf3 Rf8 31. Re1 Qf7 32. d5 Na5 33. Ne5 Bxe5 34. Rxe5 Nc4 35. Re6 g5 36. Qe2 Kg8 37. Qxc4 gxf4 38. Qxf4 Qh5 39. Rxh6 Qd1+ 40. Kh2 Qxd5 41. Qg5+ Kf7 42. Rh7+ 1-0

[Event "Verbandsliga Nordbaden 2324"]
[Site "Baden"]
[Date "2024.03.03"]
[Round "7.4"]
[White "Pyvovar, Igor"]
[Black "Miltner, Arndt"]
[Result "0-1"]
[WhiteElo "2144"]
[BlackElo "2253"]
[PlyCount "110"]
[EventDate "2023.09.24"]
[EventType "team-tourn"]
[EventRounds "9"]
[EventCountry "GER"]
[SourceTitle "EXT 2025"]
[Source "ChessBase"]
[SourceDate "2024.10.14"]
[SourceVersion "1"]
[SourceVersionDate "2024.10.14"]
[SourceQuality "1"]
[WhiteTeam "Ettlingen II"]
[BlackTeam "Buchen"]
[WhiteTeamCountry "GER"]
[BlackTeamCountry "GER"]

1. Nf3 d6 2. d4 Nf6 3. c4 c6 4. Nc3 Nbd7 5. e4 e5 6. Be2 a6 7. a4 a5 8. 0-0 Be7 9. Bg5 0-0 10. Qc2 Re8 11. Rad1 Qc7 12. Rfe1 h6 13. Be3 Ng4 14. Bc1 exd4 15. Nxd4 Nc5 16. Bf4 Ne5 17. Bg3 Bd7 18. f4 Ng6 19. Bh5 Qb6 20. Kh1 Rad8 21. Rf1 Bf6 22. Nf3 Bxc3 23. f5 Qxb2 24. Qxb2 Bxb2 25. fxg6 f6 26. Bxd6 Na6 27. Rb1 Bc8 28. Bg3 Bc3 29. Rb3 Bb4 30. e5 f5 31. Bf2 Be6 32. Rc1 b5 33. Nd4 bxc4 34. Nxe6 cxb3 35. Nxd8 Rxd8 36. Be2 b2 37. Bc4+ Kf8 38. Rf1 Nb8 39. Be3 Ke8 40. g3 Rd7 41. Rb1 Ba3 42. Kg2 Rb7 43. Bd2 Nd7 44. Bf7+ Ke7 45. Bc3 Nc5 46. Bc4 Nxa4 47. Bxa5 Bb4 48. Ba6 Rb8 49. Bc7 Re8 50. Kf3 Kd7 51. Bd6 Bxd6 52. exd6 Rb8 53. Bd3 Nc3 54. Bxf5+ Kxd6 55. Re1 Rf8 0-1

[Event "Verbandsliga Nordbaden 2324"]
[Site "Baden"]
[Date "2024.02.18"]
[Round "6.4"]
[White "Miltner, Arndt"]
[Black "Spieker, Michael"]
[Result "1-0"]
[WhiteElo "2253"]
[BlackElo "2033"]
[PlyCount "121"]
[EventDate "2023.09.24"]
[EventType "team-tourn"]
[EventRounds "9"]
[EventCountry "GER"]
[SourceTitle "EXT 2025"]
[Source "ChessBase"]
[SourceDate "2024.10.14"]
[SourceVersion "1"]
[SourceVersionDate "2024.10.14"]
[SourceQuality "1"]
[WhiteTeam "Buchen"]
[BlackTeam "Karlsruhe II"]
[WhiteTeamCountry "GER"]
[BlackTeamCountry "GER"]

1. e4 c5 2. g3 Nc6 3. Bg2 g6 4. Ne2 Bg7 5. c3 d6 6. 0-0 Nf6 7. d4 cxd4 8. cxd4 Qb6 9. Nbc3 0-0 10. h3 Nd7 11. Nd5 Qd8 12. Be3 e6 13. Ndc3 Nb6 14. b3 a6 15. Qd2 Bd7 16. Rad1 Ne7 17. Bh6 d5 18. Bxg7 Kxg7 19. e5 Nf5 20. g4 Nh4 21. f4 Nxg2 22. Kxg2 f5 23. exf6+ Rxf6 24. Qe3 Qc7 25. Ng3 Raf8 26. Nce2 Nc8 27. Rc1 Qb8 28. Qe5 Qxe5 29. dxe5 R6f7 30. Rc7 Bc6 31. Rxf7+ Kxf7 32. Nd4 Ne7 33. h4 Rc8 34. f5 gxf5 35. gxf5 exf5 36. Ngxf5 Nxf5 37. Rxf5+ Kg6 38. Kg3 Re8 39. Kf4 Kg7 40. Rg5+ Kf7 41. Nf5 Kf8 42. Rh5 Kg8 43. Rh6 Bd7 44. Nd4 Rf8+ 45. Kg3 Rf1 46. Rd6 Rd1 47. Rxd5 Be8 48. Kf4 Kf7 49. e6+ Kf6 50. Rf5+ Ke7 51. Ke5 Re1+ 52. Kd5 Bc6+ 53. Kc5 Rxe6 54. Nxe6 Kxe6 55. Rf4 h5 56. Kb6 Ke5 57. Rf2 Ke4 58. a4 Ke3 59. Rf6 Bd5 60. b4 Bb3 61. Kxb7 1-0

[Event "WchT Seniors 65"]
[Site "Struga"]
[Date "2023.09.24"]
[Round "6.1"]
[White "Miltner, Arndt"]
[Black "Garcia Palermo, Carlos H"]
[Result "1/2-1/2"]
[WhiteElo "2253"]
[BlackElo "2410"]
[PlyCount "23"]
[EventDate "2023.09.19"]
[EventType "team-swiss"]
[EventRounds "9"]
[EventCountry "MKD"]
[SourceTitle "CBM 216 Extra"]
[Source "ChessBase"]
[SourceDate "2023.11.30"]
[SourceVersion "1"]
[SourceVersionDate "2023.11.30"]
[SourceQuality "1"]
[WhiteTeam "Germany 65"]
[BlackTeam "Italy 65"]
[WhiteTeamCountry "GER"]
[BlackTeamCountry "ITA"]

1. b4 e5 2. Bb2 e4 3. a3 a5 4. b5 d5 5. e3 Nf6 6. d3 Nbd7 7. dxe4 dxe4 8. Ne2 b6 9. Nd4 Nc5 10. Nc3 Bb7 11. Bc4 Bd6 12. Qe2 1/2-1/2

[Event "WchT Seniors 65"]
[Site "Struga"]
[Date "2023.09.21"]
[Round "3.1"]
[White "Legky, Nikolay A"]
[Black "Miltner, Arndt"]
[Result "0-1"]
[WhiteElo "2357"]
[BlackElo "2253"]
[PlyCount "90"]
[EventDate "2023.09.19"]
[EventType "team-swiss"]
[EventRounds "9"]
[EventCountry "MKD"]
[SourceTitle "CBM 216 Extra"]
[Source "ChessBase"]
[SourceDate "2023.11.30"]
[SourceVersion "1"]
[SourceVersionDate "2023.11.30"]
[SourceQuality "1"]
[WhiteTeam "France 65"]
[BlackTeam "Germany 65"]
[WhiteTeamCountry "FRA"]
[BlackTeamCountry "GER"]

1. d4 c6 2. e4 d6 3. f4 d5 4. e5 g6 5. Be3 h5 6. g3 Nh6 7. h3 Nf5 8. Bf2 Qb6 9. b3 h4 10. g4 Ng3 11. Bxg3 hxg3 12. Bg2 e6 13. Ne2 c5 14. c3 Nc6 15. a3 Bd7 16. b4 cxd4 17. cxd4 a5 18. bxa5 Rxa5 19. Ra2 Bb4+ 20. Kf1 Be7 21. Bf3 g5 22. Kg2 gxf4 23. Rf1 Bg5 24. Qd2 Rg8 25. Nbc3 Ne7 26. Rb1 Qa7 27. Rab2 Bc6 28. h4 Bxh4 29. Qxf4 Ng6 30. Qe3 Rxa3 31. Nxg3 Nf4+ 32. Kh2 Bg5 33. Rb3 Rxb3 34. Rxb3 Qa6 35. Qf2 Qd3 36. Ra3 Kd7 37. Bg2 Qh7+ 38. Kg1 Be7 39. Qxf4 Bxa3 40. Nh5 Be7 41. Ne2 Qg6 42. Neg3 Ra8 43. Nf6+ Bxf6 44. exf6 b5 45. g5 Rg8 0-1

[Event "WchT Seniors 65"]
[Site "Struga"]
[Date "2023.09.20"]
[Round "2.1"]
[White "Miltner, Arndt"]
[Black "Wirthensohn, Heinz"]
[Result "1/2-1/2"]
[WhiteElo "2253"]
[BlackElo "2272"]
[PlyCount "35"]
[EventDate "2023.09.19"]
[EventType "team-swiss"]
[EventRounds "9"]
[EventCountry "MKD"]
[SourceTitle "CBM 216 Extra"]
[Source "ChessBase"]
[SourceDate "2023.11.30"]
[SourceVersion "1"]
[SourceVersionDate "2023.11.30"]
[SourceQuality "1"]
[WhiteTeam "Germany 65"]
[BlackTeam "Switzerland Riehen 65"]
[WhiteTeamCountry "GER"]
[BlackTeamCountry "SUI"]

1. b4 e5 2. Bb2 Bxb4 3. Bxe5 Nf6 4. c3 Be7 5. e3 0-0 6. Bxf6 Bxf6 7. d4 d5 8. Bd3 c5 9. Ne2 b6 10. Nd2 Ba6 11. Bxa6 Nxa6 12. 0-0 Nc7 13. dxc5 bxc5 14. Rb1 Ne6 15. Nf3 Qd7 16. Qb3 Rfd8 17. Rfd1 Qc6 18. Qb7 1/2-1/2

[Event "Oberliga Baden 2122"]
[Site "Germany"]
[Date "2022.04.10"]
[Round "11.4"]
[White "Schweizer, Simon"]
[Black "Miltner, Arndt"]
[Result "1/2-1/2"]
[WhiteElo "2165"]
[BlackElo "2261"]
[PlyCount "48"]
[EventDate "2021.10.10"]
[EventType "team-tourn"]
[EventRounds "11"]
[EventCountry "GER"]
[SourceTitle "EXT 2023"]
[Source "ChessBase"]
[SourceDate "2022.10.05"]
[SourceVersion "1"]
[SourceVersionDate "2022.10.05"]
[SourceQuality "1"]
[WhiteTeam "Brombach"]
[BlackTeam "Buchen"]
[WhiteTeamCountry "GER"]
[BlackTeamCountry "GER"]

1. e4 d6 2. d4 g6 3. Nc3 Bg7 4. Nf3 a6 5. a4 b6 6. Be2 Bb7 7. 0-0 Nd7 8. Re1 e5 9. dxe5 Nxe5 10. Nxe5 dxe5 11. Bc4 Qxd1 12. Rxd1 Nf6 13. f3 h6 14. b3 0-0 15. Ba3 Rfd8 16. Be7 Re8 17. Bxf6 Bxf6 18. Rd7 Re7 19. Rad1 Kf8 20. Rd8+ Rxd8 21. Rxd8+ Re8 22. Rd7 Re7 23. Rd8+ Re8 24. Rd7 Re7 1/2-1/2

[Event "Oberliga Baden 1718"]
[Site "Baden"]
[Date "2017.10.22"]
[Round "2.5"]
[White "Miltner, Arndt"]
[Black "Mueller, Olaf"]
[Result "0-1"]
[WhiteElo "2284"]
[BlackElo "2321"]
[PlyCount "82"]
[EventDate "2017.10.08"]
[EventType "team-tourn"]
[EventRounds "9"]
[EventCountry "GER"]
[SourceTitle "EXT 2019"]
[Source "ChessBase"]
[SourceDate "2018.10.10"]
[SourceVersion "1"]
[SourceVersionDate "2018.10.10"]
[SourceQuality "1"]
[WhiteTeam "Buchen"]
[BlackTeam "Walldorf"]
[WhiteTeamCountry "GER"]
[BlackTeamCountry "GER"]

1. d4 Nf6 2. Nf3 d6 3. e3 g6 4. b4 Bg7 5. Bb2 0-0 6. c4 e5 7. Nc3 exd4 8. Nxd4 c5 9. bxc5 dxc5 10. Ndb5 a6 11. Qxd8 Rxd8 12. Nc7 Ra7 13. Rd1 Rxd1+ 14. Nxd1 Nbd7 15. Bxf6 Nxf6 16. Nc3 b5 17. N3d5 Nxd5 18. Nxd5 Be6 19. Bd3 a5 20. Ke2 a4 21. e4 b4 22. Bb1 Rb7 23. Rd1 b3 24. Rd3 f5 25. f3 fxe4 26. fxe4 Bd4 27. axb3 axb3 28. h3 Kg7 29. Rd1 Rf7 30. Rf1 Ra7 31. Rd1 g5 32. g4 h5 33. gxh5 Kh6 34. Rd3 Ra2+ 35. Kd1 Rb2 36. Kc1 Be5 37. Ne3 Re2 38. Kd1 Rb2 39. Kc1 Kxh5 40. Nd1 Rh2 41. Rxb3 Bf4+ 0-1

[Event "Oberliga Baden 1617"]
[Site "Baden"]
[Date "2017.05.07"]
[Round "9.5"]
[White "Schwierskott, Marc"]
[Black "Miltner, Arndt"]
[Result "1/2-1/2"]
[WhiteElo "2085"]
[BlackElo "2291"]
[PlyCount "54"]
[EventDate "2016.10.16"]
[EventType "team-tourn"]
[EventRounds "9"]
[EventCountry "GER"]
[SourceTitle "EXT 2018"]
[Source "ChessBase"]
[SourceDate "2017.10.13"]
[SourceVersion "1"]
[SourceVersionDate "2017.10.13"]
[SourceQuality "1"]
[WhiteTeam "Brombach"]
[BlackTeam "Buchen"]
[WhiteTeamCountry "GER"]
[BlackTeamCountry "GER"]

1. c4 e5 2. Nc3 c6 3. Nf3 d6 4. d4 Nd7 5. g3 Ngf6 6. Bg2 Be7 7. 0-0 0-0 8. e4 a6 9. Re1 b5 10. b3 bxc4 11. bxc4 Qc7 12. h3 Rb8 13. Be3 Nb6 14. Qd3 exd4 15. Nxd4 Nfd7 16. f4 Nc5 17. Qe2 Bd7 18. Rac1 Rfe8 19. Nb3 Nca4 20. c5 Nxc3 21. Rxc3 Na4 22. Rc2 Nxc5 23. Nxc5 dxc5 24. Qxa6 Rb5 25. Bf1 Ra5 26. Qe2 Rea8 27. Qf2 Be6 1/2-1/2

[Event "Oberliga Baden 1617"]
[Site "Baden"]
[Date "2016.10.16"]
[Round "1.5"]
[White "Miltner, Arndt"]
[Black "Arnold, Max"]
[Result "1-0"]
[WhiteElo "2291"]
[BlackElo "2202"]
[PlyCount "75"]
[EventDate "2016.10.16"]
[EventType "team-tourn"]
[EventRounds "9"]
[EventCountry "GER"]
[SourceTitle "EXT 2018"]
[Source "ChessBase"]
[SourceDate "2017.10.13"]
[SourceVersion "1"]
[SourceVersionDate "2017.10.13"]
[SourceQuality "1"]
[WhiteTeam "Buchen"]
[BlackTeam "Ettlingen"]
[WhiteTeamCountry "GER"]
[BlackTeamCountry "GER"]

1. d4 Nf6 2. Nf3 e6 3. Bf4 c5 4. c3 b6 5. e3 Bb7 6. Bd3 Be7 7. h3 0-0 8. 0-0 Be4 9. Be2 h6 10. Nbd2 Bh7 11. Re1 d5 12. Ne5 Nfd7 13. c4 Nxe5 14. dxe5 Qd7 15. Bg4 Qb7 16. cxd5 exd5 17. Bf3 Na6 18. a3 Rad8 19. Nc4 Nc7 20. Nd6 Qc6 21. Re2 Be4 22. Rd2 Bxd6 23. exd6 Ne6 24. Bxe4 dxe4 25. d7 Nxf4 26. exf4 Qe6 27. Rd6 Qe7 28. Qd5 e3 29. g3 Rb8 30. Re1 exf2+ 31. Kxf2 Qd8 32. h4 Kh7 33. Re5 Kh8 34. Qe4 Qc7 35. Qd5 Rbd8 36. Re7 c4 37. Rc6 Qb7 38. Rxh6+ 1-0

[Event "Oberliga Baden 1516"]
[Site "Baden"]
[Date "2016.03.13"]
[Round "8.5"]
[White "Haas, Michael1"]
[Black "Miltner, Arndt"]
[Result "1/2-1/2"]
[WhiteElo "2187"]
[BlackElo "2295"]
[PlyCount "166"]
[EventDate "2015.09.20"]
[EventType "team-tourn"]
[EventRounds "9"]
[EventCountry "GER"]
[SourceTitle "EXT 2018"]
[Source "ChessBase"]
[SourceDate "2017.10.13"]
[SourceVersion "1"]
[SourceVersionDate "2017.10.13"]
[SourceQuality "1"]
[WhiteTeam "Walldorf"]
[BlackTeam "Buchen"]
[WhiteTeamCountry "GER"]
[BlackTeamCountry "GER"]

1. e4 d6 2. d4 Nf6 3. Nc3 e5 4. Nf3 Nbd7 5. Bc4 Be7 6. 0-0 0-0 7. a4 a5 8. Qe2 c6 9. Be3 Ng4 10. Bd2 Qb6 11. h3 Ngf6 12. Be3 exd4 13. Bxd4 Qc7 14. Qe3 Ne5 15. Nxe5 dxe5 16. Bb6 Qd6 17. Rad1 Qb4 18. Bb3 Nd7 19. Bc7 b6 20. Na2 Qc5 21. Qxc5 Bxc5 22. Bc4 Ra7 23. Bd6 Bxd6 24. Rxd6 Rc7 25. Nc3 Nc5 26. Rfd1 Re8 27. f3 Kf8 28. Kf2 Ke7 29. Ke3 Be6 30. Bxe6 Nxe6 31. Ne2 g6 32. b3 Rd8 33. Rxd8 Nxd8 34. g3 Ne6 35. f4 exf4+ 36. gxf4 f6 37. h4 Rc8 38. Rb1 Kd6 39. Nd4 Nc5 40. Rd1 Kc7 41. Ne2 Re8 42. Rd4 h6 43. Ng3 b5 44. Ne2 Ne6 45. Rd1 bxa4 46. bxa4 g5 47. hxg5 hxg5 48. Kf3 gxf4 49. Nd4 Ng5+ 50. Kxf4 Nxe4 51. Re1 Nd6 52. Ne6+ Kb6 53. Rb1+ Ka7 54. Re1 Rh8 55. Kg3 Rh5 56. Nd4 Kb6 57. Rb1+ Kc7 58. Rf1 Rd5 59. Nb3 Ne4+ 60. Kg4 Kb6 61. Rf4 Re5 62. Kf3 f5 63. Rh4 Nc5 64. Nd2 Rd5 65. Nc4+ Ka6 66. Ne3 Re5 67. Rh6 Nxa4 68. Rxc6+ Kb5 69. Rf6 Nc3 70. Nxf5 Nd5 71. Rf8 a4 72. Nd6+ Kc5 73. Ne4+ Kd4 74. Ra8 Rf5+ 75. Ke2 Nb6 76. Ra6 Rb5 77. Nd6 Rb2 78. Kd2 Kc5 79. Ne4+ Kb5 80. Ra7 a3 81. Rxa3 Nc4+ 82. Kc3 Rxc2+ 83. Kxc2 Nxa3+ 1/2-1/2

[Event "Oberliga Baden 1516"]
[Site "Baden"]
[Date "2015.09.20"]
[Round "1.5"]
[White "Scherer, Max"]
[Black "Miltner, Arndt"]
[Result "1/2-1/2"]
[WhiteElo "2222"]
[BlackElo "2295"]
[PlyCount "99"]
[EventDate "2015.09.20"]
[EventType "team-tourn"]
[EventRounds "9"]
[EventCountry "GER"]
[SourceTitle "EXT 2018"]
[Source "ChessBase"]
[SourceDate "2017.10.13"]
[SourceVersion "1"]
[SourceVersionDate "2017.10.13"]
[SourceQuality "1"]
[WhiteTeam "Dreisamtal"]
[BlackTeam "Buchen"]
[WhiteTeamCountry "GER"]
[BlackTeamCountry "GER"]

1. c4 e5 2. g3 c6 3. d4 exd4 4. Qxd4 Nf6 5. Nc3 Na6 6. Bg2 Be7 7. e4 0-0 8. Nge2 Bc5 9. Qd2 Ng4 10. 0-0 d6 11. b3 Qa5 12. h3 Ne5 13. Kh2 f5 14. f4 Nf7 15. a3 Qd8 16. Bb2 Nc7 17. b4 Bb6 18. Nd4 Nh6 19. Rad1 Ne8 20. c5 dxc5 21. bxc5 Bc7 22. exf5 Nxf5 23. Ne4 h6 24. Nxf5 Bxf5 25. Nd6 Bxd6 26. cxd6 Rf7 27. g4 Bd7 28. Rfe1 Qh4 29. f5 h5 30. Qf4 hxg4 31. Qxg4 Qf2 32. Re2 Qxf5 33. Qg3 Qf4 34. Qxf4 Rxf4 35. Re7 Rd8 36. Kg3 Rf7 37. Bf3 Nxd6 38. Rxf7 Nxf7 39. Bc3 Bf5 40. Bd4 Bc2 41. Rd2 Bb3 42. Kf2 Ne5 43. Be2 c5 44. Bc3 Rxd2 45. Bxd2 Kf7 46. Bc3 Ke6 47. Ke3 Bc2 48. Kf4 Ng6+ 49. Kg5 Ne5 50. Kf4 1/2-1/2

[Event "BL2-Sued 1415"]
[Site "Germany"]
[Date "2015.01.18"]
[Round "5.7"]
[White "Zude, Arno"]
[Black "Miltner, Arndt"]
[Result "1/2-1/2"]
[WhiteElo "2381"]
[BlackElo "2306"]
[PlyCount "42"]
[EventDate "2014.09.21"]
[EventType "team-tourn"]
[EventRounds "9"]
[EventCountry "GER"]
[SourceTitle "CBM 166 Extra"]
[Source "ChessBase"]
[SourceDate "2015.06.18"]
[SourceVersion "1"]
[SourceVersionDate "2015.06.18"]
[SourceQuality "1"]
[WhiteTeam "Hofheim"]
[BlackTeam "Buchen"]
[WhiteTeamCountry "GER"]
[BlackTeamCountry "GER"]

1. e4 d6 2. d4 Nf6 3. Nc3 e5 4. Nf3 Nbd7 5. Bc4 Be7 6. a4 0-0 7. 0-0 a5 8. h3 c6 9. Re1 exd4 10. Qxd4 Nc5 11. Be3 Be6 12. Rad1 Ne8 13. Bf1 Kh8 14. Qd2 Qb6 15. Bd4 Rd8 16. Ng5 Kg8 17. Nxe6 fxe6 18. Bc4 Nc7 19. Qe2 Kh8 20. b3 e5 21. Be3 Qb4 1/2-1/2

[Event "BL2-Sued 1415"]
[Site "Germany"]
[Date "2014.11.09"]
[Round "3.6"]
[White "Kachiani Gersinska, Ketino"]
[Black "Miltner, Arndt"]
[Result "1/2-1/2"]
[WhiteElo "2353"]
[BlackElo "2306"]
[PlyCount "106"]
[EventDate "2014.09.21"]
[EventType "team-tourn"]
[EventRounds "9"]
[EventCountry "GER"]
[SourceTitle "CBM 166 Extra"]
[Source "ChessBase"]
[SourceDate "2015.06.18"]
[SourceVersion "1"]
[SourceVersionDate "2015.06.18"]
[SourceQuality "1"]
[WhiteTeam "Baden-Baden II"]
[BlackTeam "Buchen"]
[WhiteTeamCountry "GER"]
[BlackTeamCountry "GER"]

1. c4 e5 2. g3 Nf6 3. Bg2 c6 4. Nc3 d5 5. cxd5 cxd5 6. d4 exd4 7. Qxd4 Nc6 8. Qa4 d4 9. Ne4 Nxe4 10. Bxe4 Bb4+ 11. Bd2 Bxd2+ 12. Kxd2 Qb6 13. Bxc6+ bxc6 14. Qa3 c5 15. Rc1 Bb7 16. Nf3 0-0 17. Qxc5 Qh6+ 18. Qg5 Qxg5+ 19. Nxg5 Bxh1 20. Rxh1 Rab8 21. Rb1 Rb5 22. Nf3 Ra5 23. Nxd4 Rxa2 24. Kd3 g6 25. h4 Rb8 26. b3 Kg7 27. Rc1 Rb7 28. Rc5 Rd7 29. h5 Ra1 30. e3 Ra2 31. f3 a5 32. hxg6 hxg6 33. Ke4 a4 34. bxa4 Rxa4 35. Kf4 Ra3 36. Re5 Kf6 37. g4 Rd3 38. g5+ Kg7 39. Re8 Ra3 40. Ke4 Raa7 41. Nc6 Ra4+ 42. Nd4 Rc4 43. Kf4 Rc5 44. Kg4 Rcc7 45. f4 Re7 46. Rxe7 Rxe7 47. Kf3 Rc7 48. Ke4 Kf8 49. Kd3 Ke7 50. e4 Rc1 51. e5 Kd7 52. Ke4 Re1+ 53. Kd5 Rd1 1/2-1/2

[Event "BL2-Sued 1415"]
[Site "Germany"]
[Date "2014.09.21"]
[Round "1.7"]
[White "Miltner, Arndt"]
[Black "Schaefer, Michael"]
[Result "1-0"]
[WhiteElo "2306"]
[BlackElo "2160"]
[PlyCount "135"]
[EventDate "2014.09.21"]
[EventType "team-tourn"]
[EventRounds "9"]
[EventCountry "GER"]
[SourceTitle "CBM 166 Extra"]
[Source "ChessBase"]
[SourceDate "2015.06.18"]
[SourceVersion "1"]
[SourceVersionDate "2015.06.18"]
[SourceQuality "1"]
[WhiteTeam "Buchen"]
[BlackTeam "Moerlenbach Birkenau"]
[WhiteTeamCountry "GER"]
[BlackTeamCountry "GER"]

1. b3 e5 2. Bb2 d6 3. c4 Nf6 4. e3 g6 5. Nf3 Bg7 6. d4 0-0 7. Be2 Nc6 8. dxe5 Nd7 9. Nc3 Ncxe5 10. 0-0 Nc5 11. Nd4 Re8 12. Qd2 c6 13. b4 Ne6 14. Nb3 f5 15. f4 Nf7 16. Kh1 Nc7 17. Rad1 Qe7 18. Rf3 Bd7 19. Bd3 Qf8 20. Rff1 Rad8 21. a3 Bc8 22. Qf2 Nh6 23. h3 Be6 24. Na5 Bc8 25. Rfe1 Ne6 26. Bb1 g5 27. fxg5 Nxg5 28. Qg3 Qf6 29. b5 cxb5 30. cxb5 Qg6 31. Nc4 Nhf7 32. Qf2 Ne4 33. Bxe4 fxe4 34. Nd5 Be6 35. Bxg7 Bxd5 36. Rxd5 Qxg7 37. Red1 Re6 38. Qh4 Qf6 39. Qxf6 Rxf6 40. Kg1 Kf8 41. R1d4 Re6 42. Kf2 Ke7 43. Nd2 Rf8 44. Kg1 Rc8 45. Nxe4 Rc2 46. Ng3 Re5 47. Rxe5+ dxe5 48. Rh4 Kf6 49. Rxh7 Ra2 50. Nh5+ Ke6 51. h4 Rxa3 52. Kf2 Rb3 53. g4 Rxb5 54. g5 Nxg5 55. hxg5 Kf5 56. Rg7 Rb2+ 57. Kg3 a5 58. Kh3 a4 59. Ng3+ Ke6 60. Rc7 Kd6 61. Rf7 a3 62. g6 a2 63. g7 a1Q 64. g8Q Qa2 65. Qd8+ Kc6 66. Qc7+ Kd5 67. Rd7+ Ke6 68. Qd6# 1-0

[Event "BL2-Sued 1314"]
[Site "Germany"]
[Date "2014.02.09"]
[Round "6.7"]
[White "Miltner, Arndt"]
[Black "Zude, Erik"]
[Result "1/2-1/2"]
[WhiteElo "2303"]
[BlackElo "2364"]
[PlyCount "194"]
[EventDate "2013.10.13"]
[EventType "team-tourn"]
[EventRounds "9"]
[EventCountry "GER"]
[SourceTitle "EXT 2015"]
[Source "ChessBase"]
[SourceDate "2014.11.20"]
[SourceVersion "1"]
[SourceVersionDate "2014.11.20"]
[SourceQuality "1"]
[WhiteTeam "Buchen"]
[BlackTeam "Hofheim"]
[WhiteTeamCountry "GER"]
[BlackTeamCountry "GER"]

1. Nf3 d6 2. d4 Nf6 3. e3 Nbd7 4. c4 e5 5. Nc3 g6 6. Be2 Bg7 7. 0-0 0-0 8. b4 Re8 9. Bb2 exd4 10. Nxd4 c6 11. Qb3 Qe7 12. Rfd1 a6 13. a3 Ne5 14. h3 b5 15. cxb5 axb5 16. Ncxb5 cxb5 17. Bxb5 Be6 18. Nxe6 Qxe6 19. Qxe6 Rxe6 20. Rac1 d5 21. a4 Bf8 22. Bc3 Rb8 23. Rb1 Ne4 24. Be1 Nc4 25. Rb3 Rxb5 26. axb5 Nb6 27. Ra3 Re7 28. Rda1 Nd6 29. Ra6 Rb7 30. Ra7 Rb8 31. R1a5 Nbc4 32. Ra8 Rb7 33. R5a7 Rxa7 34. Rxa7 Nxb5 35. Rd7 Bd6 36. Rb7 Nca3 37. Bd2 Kf8 38. Bc1 Ke8 39. g4 Be7 40. Kf1 Bd8 41. Bxa3 Nxa3 42. Ke2 Nc4 43. Kd3 Nd6 44. Rb8 Kd7 45. Kd4 Kc7 46. Ra8 Nc8 47. Ra5 Be7 48. Rxd5 Bxb4 49. Ke5 Bc3+ 50. Kf4 Bf6 51. g5 Bg7 52. h4 h6 53. gxh6 Bxh6+ 54. Kg4 Nd6 55. Ra5 Kd7 56. Ra8 Ke6 57. Ra5 Ne4 58. Ra6+ Ke7 59. Ra7+ Kf8 60. Kf3 Nf6 61. Ra4 Kg8 62. Ra5 Bf8 63. Ra8 Kg7 64. Ra7 Bd6 65. Rb7 Ng8 66. Rd7 Be7 67. Kg3 f5 68. Ra7 Kf7 69. f3 Nf6 70. Rb7 Ke6 71. Rb6+ Bd6+ 72. Kf2 Nd5 73. Ra6 Ne7 74. e4 Kd7 75. Ra5 Ke8 76. exf5 gxf5 77. Ra6 Bf4 78. Ke2 Kf7 79. h5 Ng8 80. Ra7+ Kf6 81. Ra6+ Kg7 82. Rg6+ Kf7 83. Ra6 Bg5 84. Ra5 Ne7 85. Ra6 Ng8 86. Ra5 Nh6 87. Ra7+ Kf6 88. Ra6+ Kf7 89. Rg6 Bf4 90. Ra6 Ng8 91. Ra7+ Ne7 92. Kd3 Be5 93. h6 Bf6 94. Ra6 Ng6 95. Ra7+ Ne7 96. Ra6 Ng6 97. Ra7+ Ne7 1/2-1/2

[Event "Oberliga Baden 1213"]
[Site "Baden"]
[Date "2013.03.17"]
[Round "8.5"]
[White "Mueller, Erich"]
[Black "Miltner, Arndt"]
[Result "0-1"]
[WhiteElo "2121"]
[BlackElo "2311"]
[PlyCount "154"]
[EventDate "2012.10.14"]
[EventType "team-tourn"]
[EventRounds "9"]
[EventCountry "GER"]
[SourceTitle "EXT 2014"]
[Source "ChessBase"]
[SourceDate "2013.11.20"]
[SourceVersion "1"]
[SourceVersionDate "2013.11.20"]
[SourceQuality "1"]
[WhiteTeam "Ladenburg"]
[BlackTeam "Buchen"]
[WhiteTeamCountry "GER"]
[BlackTeamCountry "GER"]

1. c4 e5 2. Nc3 c6 3. Nf3 d6 4. g3 Nf6 5. d3 Be7 6. Bg2 0-0 7. 0-0 Re8 8. Rb1 a6 9. b4 b5 10. a4 bxc4 11. dxc4 Bf5 12. Rb3 Ra7 13. Nd2 d5 14. cxd5 cxd5 15. e4 Bg4 16. Qc2 d4 17. Nd5 Be6 18. Nxe7+ Qxe7 19. Rb2 Rc8 20. Qb1 Rac7 21. Re1 Nfd7 22. Nf3 f6 23. Bd2 Nb6 24. b5 Nxa4 25. b6 Rb7 26. Rb4 Nc3 27. Bxc3 dxc3 28. Rc1 Qd6 29. Bf1 Rc6 30. Ra4 Rbxb6 31. Qd3 Qxd3 32. Bxd3 Rc5 33. Ra3 Rbc6 34. Ne1 Rc7 35. Nc2 Rd7 36. Ne1 a5 37. Raxc3 Rxc3 38. Rxc3 Ra7 39. Nc2 Kf7 40. Na3 Ke7 41. Kf1 Rb7 42. Bc2 Na6 43. Ke1 Rc7 44. Re3 Nc5 45. Rc3 Na6 46. Re3 Rc5 47. Kd2 Nb4 48. Bb3 Bd7 49. Bc4 Ba4 50. Bb3 Be8 51. Bc4 Rc8 52. Re1 Rd8+ 53. Ke3 Rd4 54. Rc1 Ba4 55. Be2 Bc6 56. f3 Rd7 57. Rc3 a4 58. Rc4 Rb7 59. Kd2 Bd7 60. Bd1 Be6 61. Rc5 Rd7+ 62. Ke2 Bb3 63. Bxb3 axb3 64. Rc3 Na2 65. Rc8 b2 66. Nb1 Nc1+ 67. Ke1 Rd3 68. Rc3 Rxc3 69. Nxc3 Nb3 70. Ke2 Nd4+ 71. Ke3 Kd6 72. f4 Kc6 73. Kd3 Nb5 74. Nb1 Kc5 75. fxe5 fxe5 76. Kc2 Kd4 77. Nd2 Na3+ 0-1